Estadísticas para ¿Puedes escribir la capital de cada comunidad autonoma de España?

Haz click aquí para intentar la prueba.

Estadísticas generales

  • Esta prueba ha sido intentada 38 veces
  • La puntuación promedio es 14 de 16

Estadísticas de respuestas

Comunidad Autónoma EspañolaCapital% Correcto
Comunidad de MadridMadrid
100%
CataluñaBarcelona
97%
Región de MurciaMurcia
97%
AndalucíaSevilla
97%
Comunidad ValencianaValencia
97%
Islas BalearesMallorca / Palma de Mallorca
95%
Castilla-La Mancha ( No tiene capital, favor de escribir no tiene capital )No tiene capital
89%
Castilla y León ( No tiene capital, favor de escribir no tiene capital)No tiene capital
89%
País Vasco (No tiene capital, favor de escribir no tiene capital)No tiene capital
89%
AragónZaragoza
89%
Principado de AsturiasOviedo
84%
Comunidad Floral de NavarraPamplona
78%
GaliciaSantiago de Compostela
78%
La RiojaLogroño
76%
ExtremaduraMérida
70%
CanariasLas Palmas de Gran Canaria / Santa Cruz de Tenerife
62%

Distribución de puntuación

Porcentaje por número respondido

Porcentaje de gente con cada puntuación

Historial de tus puntuaciones

No has intentado esta prueba.